header

Read and Write mini-books (Record no. 263284)

MARC details
000 -LEADER
fixed length control field 00224nam a22000977a 4500
020 ## - INTERNATIONAL STANDARD BOOK NUMBER
ISBN 9780439155878
100 ## - MAIN ENTRY--AUTHOR NAME
Personal name Sanders Nancy I.
245 ## - TITLE STATEMENT
Title Read and Write mini-books
260 ## - PUBLICATION, DISTRIBUTION, ETC. (IMPRINT)
Place of publication New York
Name of publisher Scholastic
Year of publication 2001
942 ## - ADDED ENTRY ELEMENTS (KOHA)
Koha item type Long Loan Books
Holdings
Withdrawn status Lost status Collection code Home library Current library Shelving location Date acquired Accession Number Koha item type
    Fiction Rongo University Library Rongo University Library Children's Area 08/03/2024 CL20211172 Long Loan Books
    Fiction Rongo University Library Rongo University Library Children's Area 14/03/2024 CL20211173 Long Loan Books

© 2026 Rongo University
Contact us: librarian | system librarian | Rongo university